Statistiques concernant Célébrités belges

Cliquez ici pour prendre le quiz!

Statistiques générales

  • Ce quiz a été pris 203 fois
  • Le résultat moyen est 11 sur 24

Statistiques - réponses

Réponse% Correct
Benoît
91%
Jacques
90%
Jean-Claude
87%
Annie
77%
Lara
77%
François
75%
Eden
72%
Eddy
62%
Justine
55%
Philippe
54%
Amélie
52%
Raymond
47%
Axelle
37%
Salvatore
34%
Christine
33%
Agnès
30%
Cécile
29%
Yolande
25%
Marie
17%
Claude
13%
Natacha
8%
Grace
6%
Bernard
3%
Fernand
1%

Distribution des résultats

Percentile par nombre de réponses

% des personnes avec chaque résultat

Votre développement - résultats

Vous n’avez pas pris ce quiz